01340nam a22003135a 45000010009000000050017000090080041000260100017000670200043000840200040001270200026001670400013001930820020002061000033002262450170002592600038004292630009004673000028004764900039005045040062005436500031006056500054006366500032006907000027007229420012007499990017007619520118007789520130008961558969620090116072201.0090115s2009 nyu |r 001 0 eng  a 2009920957 a9780387710020 (hardcover : alk. paper) a0387710027 (hardcover : alk. paper) a9780387710037 (ebook) aDLCcDLC 222a004.35bCHA1 aChakravarthy, Sharma.91205010aStream Data Processing :bA Quality of Service Perspective, Modeling, Scheduling, Load Shedding, and Complex Event Processing /cSharma Chakravarthy, Qingchun Jiang. aNew York :bSpringer, 2009c2009. a0904 a324 p.:bill. ;c23 cm.0 aAdvances in Database Systems ;v37 aIncludes bibliographical references (p.295-314) and index 912047aData flow computing 911339aparallel processing (Electronic computers) 911309aDatabase management. 912049aJiang, Qingchun 2ddccNB c13544d13544 00102ddc40708BaccahaMAINbMAINcLOWd2010-03-01epurchasel0o004.35 CHAp000020020r2025-07-15 00:00:00yNB 00102ddc40708BaccahaMAINbMAINcLOWd2010-03-01epurchasel1o004.35 CHAp000020019r2025-07-15 00:00:00s2016-12-14yBB